LEADER 00929nam2 2200265 450 001 000004867 005 20091022122525.0 100 $a20030729d1941----km-y0itay50------ba 101 0 $aita 102 $aIT 200 1 $aEvo moderno, Evo contemporaneo$fGennaro Maria Monti 210 $aNapoli$cLuigi Loffredo editore$dstampa 1941 215 $a310 p.$d21 cm 461 1$1000004864$12001$aLineamenti di storia del commercio marittimo e della navigazione 610 1 $aCommercio marittimo$aStoria$a1492-1914 676 $a380.09 700 1$aMonti,$bGennaro Maria$074063 801 0$aIT$bUNIPARTHENOPE$gRICA$2UNIMARC 912 $a000004867 951 $cNAVA1$a380.09/104 [2] (2)$b6936$d20030729 951 $cNAVA1$a380.09/104 [2]$b6936$d20030729 951 $cNAVA1$a380.09/107 [2]$b6936$d20030729 951 $aDEP V-0164 [2]$b5936$cNAVA1$d20091022 996 $aEvo moderno, Evo contemporaneo$91205935 997 $aUNIPARTHENOPE LEADER 00902nam0 2200301 450 001 9910273960103321 005 20190506122735.0 010 $a978-88-9317-725-2 100 $a20180621d2018---- km y0itay50 ba 101 0 $aita 102 $aIT 105 $ay 001yy 200 1 $aCompendio di diritto amministrativo$eaggiornato con le nuove norme sull'amministrazione digitale e sul whistleblowing$fLuigi Tramontano 205 $a2. ed. 210 $aPiacenza$cla Tribuna$d2018 215 $a709 p.$d21 cm 225 1 $a<> compendi Tribuna 676 $a342$v23$zita 700 1$aTramontano,$bLuigi$061190 801 0$aIT$bUNINA$gREICAT$2UNIMARC 901 $aBK 912 $a9910273960103321 952 $aTRA342A$b1515$fDECBC 952 $aVI B 466$b2019/32$fFGBC 959 $aDECBC 959 $aFGBC 996 $aCompendio di diritto amministrativo$91505848 997 $aUNINA LEADER 01319nam2 22003373i 450 001 VIA0136515 005 20231121125926.0 100 $a20191111d1963 ||||0itac50 ba 101 | $agrc$alat 102 $ait 181 1$6z01$ai $bxxxe 182 1$6z01$an 200 1 $a˜1: œLibri 1.-2.$fFranciscus Sbordone recensuit 210 $aRomae$cTypis publicae officinae polygraphicae$d1963 215 $aLXI, 277 p.$d26 cm. 461 1$1001VIA0136513$12001 $aStrabonis Geographica$fFranciscus Sbordone recensuit$v1 700 0$aStrabo$3CFIV081436$4070$0169725 702 1$aSbordone$b, Francesco$f <1911-1983>$3RAVV027150 790 0$aStrabon$3CFIV081437$zStrabo 790 0$aStrabone$3CFIV081438$zStrabo 790 0$aStrabone : da Amasea$3CFIV236449$zStrabo 790 1$aSbordone$b, Franciscus$3SBNV094865$zSbordone, Francesco <1911-1983> 790 1$aSbordone$b, F.$3SBNV094866$zSbordone, Francesco <1911-1983> 801 3$aIT$bIT-01$c20191111 850 $aIT-FR0017 899 $aBiblioteca umanistica Giorgio Aprea$bFR0017 $eN 912 $aVIA0136515 950 2$aBiblioteca umanistica Giorgio Aprea$d 52DLM SGL /Stra. /1.1$e 52DUP0009034125 VMB RS $fA $h20191111$i20191111 977 $a 52 996 $aLibri 1.-2$93609740 997 $aUNICAS